| 000 | 00706ntaaa2200193 4500 | ||
|---|---|---|---|
| 003 | 01 | ||
| 005 | 20251027200857.0 | ||
| 008 | 0714s1973 ag 01 | ||
| 020 | _a9507244034 | ||
| 040 |
_aAR-BaBN _bspa _cAR-BaBN _eaacr _dRIC |
||
| 082 | _a224.1 C87i | ||
| 100 |
_aCroatto, José Severino _91242 |
||
| 245 |
_aIsaías / _cJosé Severino Croatto |
||
| 260 |
_aBuenos Aires : _bLumen, _c1994 |
||
| 300 |
_a320 p. ; _c22 cm |
||
| 500 | _aV. 2, cap 40-55 "La liberación es posible". Forma parte de un comentario latinoamericano a toda la Biblia, que mantiene una hermeneutica sociopolitica, orientada a la lectura desde el contexto latinoamericano | ||
| 650 | _aBiblia-Antiguo Testamento-Isaias | ||
| 942 | _cBK | ||
| 999 |
_c2837 _d2837 |
||